000 00447nam a2200145Ia 4500
003 OSt
005 20260226101552.0
008 211028s2019 xx 000 0 und d
040 _cAIMIT LIBRARY
041 _aeng
100 _aLobo, Melroy; Suresh, Rajani.
_g1716105
_98083
245 _aAntecedents of customer satisfaction with electrical products and services at OBO Bettermann /
260 _aMangalore
_bBabu Thomas
_c2019
942 _2ddc
_cPRO
999 _c219651
_d219651